Guía del Archivo General del Ministerio de Obras Públicas y Urbanismo : (Record no. 65588)

MARC details
000 -LEADER
campo de control de longitud fija 01234nam a2200277 i 4500
001 - NÚMERO DE CONTROL
campo de control 65588
003 - IDENTIFICADOR DE NÚMERO DE CONTROL
campo de control ES-MaACL
005 - FECHA Y HORA DE LA ÚLTIMA TRANSACCIÓN
campo de control 20250811072028.0
007 - CAMPO FIJO DE DESCRIPCIÓN FÍSICA--INFORMACIÓN GENERAL
campo de control de longitud fija t|
008 - DATOS DE LONGITUD FIJA--INFORMACIÓN GENERAL
campo de control de longitud fija 040116s1983 sp ||||1| spa d
020 ## - NÚMERO INTERNACIONAL ESTÁNDAR DEL LIBRO
Número Internacional Estándar del Libro 84-7481-296-9
080 ## - NÚMERO DE LA CLASIFICACIÓN DECIMAL UNIVERSAL
Número de la Clasificación Decimal Universal 930.25(460.27 M)Ministerio de Obras Públicas y Urbanismo(026)
110 1# - ENTRADA PRINCIPAL--NOMBRE DE ENTIDAD CORPORATIVA
Nombre de entidad corporativa o nombre de jurisdicción como elemento de entrada España.
Unidad subordinada Ministerio de Obras Públicas y Urbanismo
9 (RLIN) 3917
245 10 - MENCIÓN DEL TÍTULO
Título Guía del Archivo General del Ministerio de Obras Públicas y Urbanismo :
Resto del título (fondos documentales de Obras Públicas) /
Mención de responsabilidad, etc. Concepción de la Fuente Cobos ; colaboración, Ana Fernández Reymonde, Diana Checa, Mª del Carmen Míguez.
260 ## - PUBLICACIÓN, DISTRIBUCIÓN, ETC.
Lugar de publicación, distribución, etc. Madrid :
Nombre del editor, distribuidor, etc. Dirección General de Bellas Artes y Archivos,
Fecha de publicación, distribución, etc. 1983.
300 ## - DESCRIPCIÓN FÍSICA
Extensión 132 p. :
Otras características físicas il. ;
Dimensiones 22 cm.
504 ## - NOTA DE BIBLIOGRAFÍA, ETC.
Nota de bibliografía, etc. Bibliografía: p. 114-125.
610 14 - PUNTO DE ACCESO ADICIONAL DE MATERIA--NOMBRE DE ENTIDAD CORPORATIVA
Nombre de entidad corporativa o nombre de jurisdicción como elemento de entrada España.
Unidad subordinada Ministerio de Obras Públicas y Urbanismo.
-- Archivo General.
9 (RLIN) 3918
700 1# - ENTRADA AGREGADA--NOMBRE PERSONAL
Nombre de persona Fuente Cobos, Concepción de la.
9 (RLIN) 52865
700 1# - ENTRADA AGREGADA--NOMBRE PERSONAL
Nombre de persona Fernández Reymonde, Ana.
9 (RLIN) 174550
700 1# - ENTRADA AGREGADA--NOMBRE PERSONAL
Nombre de persona Checa, Diana.
9 (RLIN) 174551
700 1# - ENTRADA AGREGADA--NOMBRE PERSONAL
Nombre de persona Míguez, María del Carmen.
9 (RLIN) 174552
710 1# - ENTRADA AGREGADA--NOMBRE DE ENTIDAD CORPORATIVA
Nombre de entidad corporativa o nombre de jurisdicción como elemento de entrada España.
Unidad subordinada Dirección General de Bellas Artes y Archivos.
9 (RLIN) 3708
852 4# - LOCALIZACIÓN
Ubicación ES-MaACL
Número de control de estantería L-4457
Holdings
Estatus retirado Estado de pérdida Estado de daño No para préstamo Biblioteca de origen Biblioteca actual Ubicación en estantería Fecha de adquisición Fuente de adquisición Total de préstamos Signatura topográfica completa Código de barras Visto por última vez Precio de reemplazo Tipo de ítem Koha
        Biblioteca del Ateneo de Madrid Biblioteca del Ateneo de Madrid Depósito 2 17/01/2008     L-4457 1068717 23/02/2023 23/02/2023 Libro impreso